| Tag |
First Indicator |
Second Indicator |
Subfields |
| LEADER |
00000cam a2200000 a 4500 |
| 001 |
in00000085402 |
| 005 |
20151008061451.0 |
| 008 |
820109s1980 txuab 00110 eng |
| 010 |
|
|
|a 81154447
|
| 020 |
|
|
|a 089015242X (pbk.)
|
| 035 |
|
|
|a (OCoLC)06615986
|
| 035 |
|
|
|9 AAJ8122AM
|
| 039 |
0 |
|
|a 2
|b 3
|c 3
|d 3
|e 3
|
| 040 |
|
|
|a DLC
|c DLC
|d TXA
|d UtOrBLW
|
| 043 |
|
|
|a n-us-tx
|
| 049 |
|
|
|a TXAM
|c [1561231]
|
| 050 |
0 |
0 |
|a F384.3
|b .M37
|
| 082 |
0 |
|
|a 917.64
|2 19
|
| 100 |
1 |
|
|a McIlvain, Myra Hargrave.
|
| 245 |
1 |
0 |
|a 6 central Texas auto tours /
|c Myra Hargrave McIlvain ; Virginia Adams Erickson, artist.
|
| 250 |
|
|
|a 1st ed.
|
| 264 |
|
1 |
|a Burnet, Tex. :
|b Eakin Press,
|c [1980]
|
| 264 |
|
4 |
|c ©1980
|
| 300 |
|
|
|a viii, 220 pages :
|b illustrations, maps ;
|c 22 cm.
|
| 336 |
|
|
|a text
|b txt
|2 rdacontent
|
| 337 |
|
|
|a unmediated
|b n
|2 rdamedia
|
| 338 |
|
|
|a volume
|b nc
|2 rdacarrier
|
| 500 |
|
|
|a Includes index.
|
| 650 |
|
0 |
|a Automobile travel
|v Guidebooks
|z Texas.
|
| 651 |
|
0 |
|a Texas
|x Description and travel
|x Guidebooks.
|
| 700 |
1 |
|
|a Erickson, Virginia Adams.
|
| 999 |
|
|
|a MARS
|
| 999 |
f |
f |
|s 6e18bd04-6e53-31ee-aa92-1721cbd1058c
|i 70651c34-0a29-3164-b2de-7d7460cf2d6d
|t 0
|
| 952 |
f |
f |
|p normal
|a Texas A&M University
|b College Station
|c Sterling C. Evans Library
|d Evans: Library Stacks
|t 0
|e F384.3 .M37
|h Library of Congress classification
|i unmediated -- volume
|m A14806109401
|
| 998 |
f |
f |
|a F384.3 .M37
|t 0
|l Evans: Library Stacks
|